000 01009cam a22003134a 4500
001 12809596
003 DO-SdBPM
005 20260520122937.0
007 ta
008 020506s2005 sp a 000 0dspa
020 _a844132087X
040 _aDO-SdBPM
_bspa
_cBPMSU
_d
_e rda
082 0 4 _a929
_bS681R 2005
_222
100 1 _aRincón, María Eugenia
_eautora
_4aut.
245 _aSofía de España :
_buna mujer /
_cMaría Eugenia Rincón
246 _aSofía de España
264 _aMadrid :
_b ABC ;
_c2005
300 _a281 páginas ;
_c25 cm.
_b
336 _atexto
_btxt
_2rdacontent
337 _asin mediación
_bn
_2rdamedia
338 _avolumen
_bnc
_2rdacarrier
490 0 _aBiografías vivas
504 _aBibliografía: páginas [285-286]
590 _aInventariado, 2026/VM
600 1 7 _aSofía,
_cReina consorte de Juan Carlos I, Rey de España
_d1938-
_xBiografías
651 4 _aEspaña
_xHistoria
910 _aVMateo V. Control de calidad. BPMSU
942 _2ddc
_cBK
999 _c15857
_d15857